=LDR 00000nam 2200000 4500 =001 NUTBA000000000000962 =005 20140407143651.0 =006 =007 =008 =020 ##$$a 979-610-585-3 =035 ##$$a 0010-041400000000232 =082 ##$$a 373.230 76 =100 ##$$a jOGJA TEACHERS CLUB =245 ##$$a 1005 bahas tuntas soal-soal aseli UN SMA IPS =250 ##$$a cet.1 =260 ##$$a Yogyakarta $b Pustaka Widyatama $c 2011 =300 ##$$a 370 hlm $b ilus $c 25 cm =850 ##$$a NBPN MAT